Star Wars Actors - Statistics

General Stats
  • This quiz has been taken 353 times
  • The average score is 24 of 78
Answer Stats
Character Actor % Correct
Han Solo Harrison Ford
97%
Luke Skywalker Mark Hamill
97%
Princess Leia Carrie Fisher
94%
Obi Wan Kenobi Alec Guiness
92%
Darth Vader David Prowse
81%
Mace Windu Samuel L. Jackson
78%
Padmé Amidala Natalie Portman
76%
Qui-Gon Jinn Liam Neeson
73%
Rey Daisy Ridley
71%
Kylo Ren Adam Driver
68%
Anakin Skywalker Sebastian Shaw
67%
C-3PO Anthony Daniels
66%
Count Dooku Christopher Lee
61%
Yoda Frank Oz
61%
Finn John Boyega
61%
Poe Dameron Oscar Isaac
57%
Chewbacca Peter Mayhew
55%
Lando Calrissian Billy Dee Williams
54%
R2-D2 Kenny Baker
52%
Jyn Erso Felicity Jones
51%
Sio Bibble Oliver Ford Davies
46%
Emperor Palpatine Clive Revill
45%
Grand Moff Tarkin Peter Cushing
44%
Darth Maul Ray Park
43%
Wicket W. Warrick Warwick Davis
41%
Supreme Leader Snoke Andy Serkis
37%
Sabé Keira Knightley
34%
Jar Jar Binks Ahmed Best
33%
Cassian Andor Diego Luna
30%
General Hux Domhnall Gleeson
30%
Captain Phasma Gwendoline Christie
30%
Maz Kanata Lupita Nyong'o
28%
Galen Erso Mads Mikkelsen
28%
Bodhi Rook Riz Ahmed
27%
Jango Fett Temuera Morrison
27%
Saw Gerrera Forest Whitaker
24%
Senator Bail Organa Jimmy Smits
23%
K-2SO Alan Tudyk
21%
Boba Fett Jeremy Bulloch
21%
General Grievous Matthew Wood
20%
Unkar Plutt Simon Pegg
20%
Wedge Antilles Dennis Lawson
19%
Shmi Skywalker Pernilla August
16%
Owen Lars Phil Brown
16%
Orson Krennic Ben Mendelsohn
15%
Chancellor Valorum Terence Stamp
15%
Chirrut Îmwe Donnie Yen
14%
General Veers Julian Glover
14%
Nute Gunray Silas Carson
14%
Ki-Adi-Mundi Silas Carson
14%
Admiral Ackbar Tim Rose
14%
Boss Nass Brian Blessed
13%
Captain Panaka Hugh Quarshie
13%
Lor San Tekka Max von Sydow
13%
Dormé Rose Byrne
13%
Aayla Secura Amy Allen
12%
General Willard Eddie Byrne
12%
Beru Lars Shelagh Fraser
12%
Oola Femi Taylor
11%
General Rieekan Bruce Boa
9%
Cliegg Lars Jack Thompson
9%
Mon Mothma Caroline Blakiston
8%
Palace Guard Dominic West
8%
Biggs Darklighter Garrick Hagon
8%
Admiral Piett Kenneth Colley
8%
Bib Fortuna Michael Carter
8%
Saché Sofia Coppola
8%
Lobot John Hollis
7%
Captain Needa Michael Culver
7%
Baze Malbus Wen Jiang
7%
Watto Andy Secombe
6%
Admiral Ozzel Michael Sheard
6%
Plo Koon Alan Ruscoe
5%
General Dodonna Alex McCrindle
5%
Zam Wesell Leeanna Walsman
5%
Dexter Jettster Ronald Falk
5%
Moff Jerjerrod Michael Pennington
4%
Sebulba Lewis Macleod
3%
No matching quizzes found
Score Distribution
Percent of People with Each Score
Percentile by Number Answered
Your Score History
You have not taken this quiz